| 000 | 00416nam a2200169Ia 4500 | ||
|---|---|---|---|
| 008 | 230524s9999 xx 000 0 und d | ||
| 020 | _a8127212296 | ||
| 082 |
_a568 _bGUP |
||
| 100 | _aSashik Gupta | ||
| 245 | 0 | _aAdvanced Cost and Management Accounting | |
| 260 |
_aNEW DELHI _bKalyani _c2004 |
||
| 300 | _a11.8 | ||
| 500 | _aQuantity Number: 2 | ||
| 650 | _aManagement | ||
| 700 | _a R.K. Sharma | ||
| 942 | _cBK | ||
| 999 |
_c1510 _d1510 |
||